002980000a22001210004500090001700000100003500017245004200052300000800094041001400102942001300116773003000129999001700159 aAsbSeriadas1 aPardo, María del Pilar9452410aPropiedad de los recursos genéticos a1-40 aEspañol cARTICULO1 tBiosintesish1q1-4d1997 c15915d15915